书目信息 |
| 题名: |
深刻领悟“两个确立”的决定性意义
|
|
| 作者: | 曲青山 主编 ;全国干部培训教材编审指导委员会 组织编写 | |
| 分册: | ||
| 出版信息: | 北京 人民出版社,党建读物出版社 2024.02 |
|
| 页数: | 177页 | |
| 开本: | 24cm | |
| 丛书名: | ||
| 单 册: | ||
| 中图分类: | D25 , D26 | |
| 科图分类: | ||
| 主题词: | ||
| 电子资源: | ||
| ISBN: | 978-7-01-026403-5 | |
| 000 | 01804nam 2200337 450 | |
| 001 | 2433910241 | |
| 005 | 20240930102020.33 | |
| 010 | @a978-7-01-026403-5@dCNY26.00 | |
| 092 | @aCN@b奖榜A:CIP-7CA25178CF514D9C8BE291C28882A3C4 | |
| 100 | @a20240430d2024 em y0chiy50 ea | |
| 101 | 0 | @achi |
| 105 | @aa z 000yy | |
| 200 | 1 | @a深刻领悟“两个确立”的决定性意义@Ashen ke ling wu “liang ge que li ”de jue ding xing yi yi@f全国干部培训教材编审指导委员会组织编写 |
| 210 | @a北京@c人民出版社,党建读物出版社@c党建读物出版社@d2024.02 | |
| 215 | @a177页@c图 (部分彩图)@d24cm | |
| 225 | 2 | @Aquan guo gan bu xue xi pei xun jiao cai |
| 300 | @a全国干部学习培训教材 | |
| 314 | @a本书主编: 曲青山 | |
| 330 | @a本书主要内容: 党的十八大以来, 中国特色社会主义进入新时代。在带领中国人民进行伟大斗争、建设伟大工程、推进伟大事业、实现伟大梦想的历史进程中, 在全面建成小康社会、开启全面建设社会主义现代化国家新征程的历史进程中, 中国共产党确立了习近平总书记党中央的核心、全党的核心地位, 确立了习近平新时代中国特色社会主义思想的指导地位。为帮助广大党员干部深刻领悟“两个确立”的本质内涵、决定性意义、实践要求等, 旗帜鲜明讲政治, 切实把“两个确立”的政治共识转化为“两个维护”的实际行动, 中央组织部组织编写了本书。 | |
| 333 | @a本书适用于广大党员干部 | |
| 410 | 0 | @12001 @Aquan guo gan bu xue xi pei xun jiao cai |
| 503 | @n河南城建学院图书馆 | |
| 601 | 02 | @a中国共产党@Azhong guo gong chan dang@x党的领导@x干部培训@j教材 |
| 601 | 02 | @a中国共产党@Azhong guo gong chan dang@x党的建设@x干部培训@j教材 |
| 690 | @aD25@v5 | |
| 690 | @aD26@v5 | |
| 701 | 0 | @a曲青山@Aqu qing shan@4主编 |
| 712 | 02 | @a全国干部培训教材编审指导委员会@Aquan guo gan bu pei xun jiao cai bian shen zhi dao wei yuan hui@4组织编写 |
| 801 | 0 | @aCN@b湖北三新@c20240430 |
| 905 | @aZUCC@dD25@eQ538 | |
| 906 | @c奖榜A@dCNY26.00@n2@r1 | |
| 深刻领悟“两个确立”的决定性意义/全国干部培训教材编审指导委员会组织编写.-北京:人民出版社,党建读物出版社:党建读物出版社,2024.02 |
| 177页:图 (部分彩图);24cm |
| 全国干部学习培训教材.-使用对象:本书适用于广大党员干部 |
| ISBN 978-7-01-026403-5:CNY26.00 |
| 本书主要内容: 党的十八大以来, 中国特色社会主义进入新时代。在带领中国人民进行伟大斗争、建设伟大工程、推进伟大事业、实现伟大梦想的历史进程中, 在全面建成小康社会、开启全面建设社会主义现代化国家新征程的历史进程中, 中国共产党确立了习近平总书记党中央的核心、全党的核心地位, 确立了习近平新时代中国特色社会主义思想的指导地位。为帮助广大党员干部深刻领悟“两个确立”的本质内涵、决定性意义、实践要求等, 旗帜鲜明讲政治, 切实把“两个确立”的政治共识转化为“两个维护”的实际行动, 中央组织部组织编写了本书。 |
| ● |
| 相关链接 |
|
|
|
正题名:深刻领悟"两个确立"的决定性意义
索取号:D25/Q538
 
预约/预借
| 序号 | 登录号 | 条形码 | 馆藏地/架位号 | 状态 | 备注 |
| 1 | 1553051 | 215530511 | 社科库509/509社科库 69排2列2层/ [索取号:D25/Q538] | 在馆 |